[Event "Paracin Summer op-B 11th"]
[Site "Paracin"]
[Date "2018.07.07"]
[Round "3"]
[White "Tosic, Dragoljub"]
[Black "Zivanovic, Blagoje"]
[Result "0-1"]
[WhiteElo "1842"]
[BlackElo "2061"]
[PlyCount "112"]
[EventDate "2018.07.06"]
[EventType "swiss"]
[EventRounds "9"]
[EventCountry "SRB"]
[SourceTitle "EXT 2019"]
[Source "ChessBase"]
[SourceDate "2018.10.10"]
[SourceVersion "1"]
[SourceVersionDate "2018.10.10"]
[SourceQuality "1"]

1. d4 Nf6 2. Nf3 g6 3. b3 d5 4. Bb2 Bg7 5. Nbd2 c6 6. e3 0-0 7. Bd3 a5 8. a4 Na6 9. c4 Nb4 10. Bb1 b6 11. 0-0 Ba6 12. Ne5 Nd7 13. f4 f6 14. Nxg6 hxg6 15. Bxg6 f5 16. Qh5 Rf6 17. Bxf5 e6 18. Bh7+ Kf8 19. Bg6 Ke7 20. e4 Qh8 21. e5 Qxh5 22. Bxh5 Rh6 23. Be2 Rah8 24. Nf3 Nc2 25. Rac1 Ne3 26. Rfe1 Rg6 27. g3 dxc4 28. bxc4 Bh6 29. Bd3 Nf5 30. Kf2 Rg4 31. Ba3+ c5 32. d5 Bxf4 33. d6+ Nxd6 34. gxf4 Nf5 35. Bxf5 exf5 36. Rg1 Rxf4 37. Rg7+ Ke6 38. Kg3 Rg4+ 39. Rxg4 fxg4 40. Kxg4 Rg8+ 41. Ng5+ Kxe5 42. Bb2+ Kd6 43. h4 Ne5+ 44. Bxe5+ Kxe5 45. h5 Kd4 46. h6 Bxc4 47. Rb1 Bd3 48. Rxb6 c4 49. Kf4 c3 50. Nf3+ Kc5 51. Rb7 c2 52. Rc7+ Kb4 53. Ne1 Bg6 54. Nxc2+ Bxc2 55. Rxc2 Kxa4 56. Rc4+ Kb3 0-1

[Event "SRB-chT3 West CS"]
[Site "Serbia"]
[Date "2017.10.13"]
[Round "7.4"]
[White "Marinkovic, Zoran"]
[Black "Zivanovic, Blagoje"]
[Result "1-0"]
[WhiteElo "2245"]
[BlackElo "2050"]
[PlyCount "91"]
[EventDate "2017.09.03"]
[EventType "team-tourn"]
[EventRounds "11"]
[EventCountry "SRB"]
[SourceTitle "EXT 2021"]
[Source "ChessBase"]
[SourceDate "2020.10.23"]
[SourceVersion "1"]
[SourceVersionDate "2020.10.23"]
[SourceQuality "1"]

1. e4 e5 2. Nf3 Nf6 3. d4 Nxe4 4. Bd3 d5 5. Nxe5 Nd7 6. Nxd7 Bxd7 7. 0-0 Be7 8. c4 Nf6 9. Nc3 Bc6 10. c5 0-0 11. Re1 a5 12. Bf4 b6 13. cxb6 cxb6 14. Rc1 Qd7 15. Qb3 Nh5 16. Be5 f6 17. Bc7 Bd8 18. Bxd8 Rfxd8 19. g3 Rab8 20. Re3 f5 21. Rce1 f4 22. Re7 Qg4 23. Qc2 g6 24. f3 Qg5 25. R1e5 Qh6 26. g4 Ng7 27. Rc7 Rd6 28. Qe2 Re8 29. Ree7 Re6 30. Rxg7+ Qxg7 31. Rxg7+ Kxg7 32. Qd2 Re3 33. Kf2 g5 34. Qc2 Bb7 35. Bb5 R8e7 36. Qf5 h6 37. Bd3 R3e6 38. Nxd5 Bxd5 39. Qxd5 Rf6 40. Bc4 Rf8 41. Qd6 Rfe8 42. Bd3 Re6 43. Qd5 R8e7 44. Be4 Kf6 45. Qf5+ Kg7 46. Qh7+ 1-0

[Event "SRB-chT3 West CS"]
[Site "Serbia"]
[Date "2017.10.12"]
[Round "6.4"]
[White "Milinkovic, Dragan"]
[Black "Zivanovic, Blagoje"]
[Result "0-1"]
[WhiteElo "2061"]
[BlackElo "2050"]
[PlyCount "80"]
[EventDate "2017.09.03"]
[EventType "team-tourn"]
[EventRounds "11"]
[EventCountry "SRB"]
[SourceTitle "EXT 2021"]
[Source "ChessBase"]
[SourceDate "2020.10.23"]
[SourceVersion "1"]
[SourceVersionDate "2020.10.23"]
[SourceQuality "1"]

1. d4 Nf6 2. c4 e5 3. d5 Bb4+ 4. Bd2 Qe7 5. Nc3 Bxc3 6. Bxc3 Ne4 7. Qc2 Nxc3 8. Qxc3 d6 9. Nf3 a5 10. a3 Nd7 11. b4 axb4 12. axb4 Rxa1+ 13. Qxa1 Nb6 14. e4 f5 15. Nd2 fxe4 16. Nxe4 0-0 17. Qa2 Qh4 18. Nc3 Bd7 19. Qe2 Qd4 20. Nd1 Ba4 21. Qd3 Bxd1 22. Qxd4 exd4 23. Kxd1 Rxf2 24. Bd3 Rxg2 25. Rf1 g6 26. Rf4 Rxh2 27. Rxd4 g5 28. c5 Nd7 29. cxd6 cxd6 30. Rc4 Ne5 31. Rc8+ Kg7 32. Bf5 Rh4 33. Rc7+ Kf6 34. Bxh7 Rxb4 35. Ke2 b5 36. Rb7 g4 37. Kf2 Kg5 38. Ke3 Rb3+ 39. Ke4 g3 40. Rg7+ Kh6 0-1

[Event "SRB Central-ch op-B 9th"]
[Site "Paracin"]
[Date "2016.07.08"]
[Round "2"]
[White "Tosic, Dragoljub"]
[Black "Zivanovic, Blagoje"]
[Result "1/2-1/2"]
[WhiteElo "1888"]
[BlackElo "2078"]
[PlyCount "119"]
[EventDate "2016.07.07"]
[EventType "swiss"]
[EventRounds "9"]
[EventCountry "SRB"]
[SourceTitle "CBM 173 Extra"]
[Source "ChessBase"]
[SourceDate "2016.08.29"]
[SourceVersion "1"]
[SourceVersionDate "2016.08.29"]
[SourceQuality "1"]

1. d4 Nf6 2. Nf3 g6 3. b3 d5 4. Bb2 Bg7 5. g3 0-0 6. Bg2 c6 7. 0-0 a5 8. a4 Na6 9. Ne5 Bf5 10. Nd2 Nd7 11. c4 Nxe5 12. dxe5 d4 13. f4 Qb6 14. h3 Rfd8 15. Kh2 Nb4 16. Be4 Bxe4 17. Nxe4 d3 18. c5 Qa6 19. e3 Nc2 20. Qd2 Nxa1 21. Bxa1 b5 22. g4 bxa4 23. bxa4 Qc4 24. Nf2 Qxc5 25. Bc3 Rd5 26. Rc1 Qc4 27. Bd4 Qxa4 28. Qxd3 Rad8 29. Qc3 c5 30. Bxc5 Rd2 31. Kg3 Qa2 32. Ra1 Qc2 33. Qxc2 Rxc2 34. Rxa5 e6 35. Ne4 Bf8 36. Bd6 Bxd6 37. Nxd6 Rc7 38. g5 Kg7 39. Ra3 h5 40. Kf3 Kf8 41. Ne4 Ke7 42. Nf6 Rdc8 43. Rd3 Rb8 44. Ra3 Kf8 45. Rd3 Kg7 46. Ra3 Rc1 47. Ra7 Rh1 48. Kg2 Re1 49. Kf2 Rd1 50. Kf3 h4 51. Rc7 Rg1 52. Ne4 Rd8 53. Kf2 Rh1 54. Kg2 Rhd1 55. Nd6 Rf8 56. Ne4 Re1 57. Kf2 Rd1 58. Nf6 Rb8 59. Ng4 Rd2+ 60. Kf3 1/2-1/2

[Event "SRB Central-ch op-B 9th"]
[Site "Paracin"]
[Date "2016.07.07"]
[Round "1"]
[White "Zivanovic, Blagoje"]
[Black "Jovanovic, Mladen"]
[Result "1-0"]
[WhiteElo "2078"]
[BlackElo "1728"]
[PlyCount "121"]
[EventDate "2016.07.07"]
[EventType "swiss"]
[EventRounds "9"]
[EventCountry "SRB"]
[SourceTitle "CBM 173 Extra"]
[Source "ChessBase"]
[SourceDate "2016.08.29"]
[SourceVersion "1"]
[SourceVersionDate "2016.08.29"]
[SourceQuality "1"]

1. e4 c5 2. c4 Nc6 3. g3 e6 4. Bg2 g6 5. Ne2 Bg7 6. Nbc3 a6 7. Rb1 Nge7 8. 0-0 0-0 9. a3 Qc7 10. d3 Nd4 11. b4 d6 12. Bf4 e5 13. Bg5 f6 14. Be3 Bg4 15. f3 Bd7 16. Qd2 Rf7 17. Rfc1 Rb8 18. Bxd4 cxd4 19. Nd5 Qd8 20. c5 Bc6 21. Nb6 dxc5 22. bxc5 Kh8 23. Nc4 Rf8 24. Qa2 Nc8 25. Qc2 Bb5 26. a4 Bc6 27. Rb4 Qe7 28. Na5 Qc7 29. Nxc6 Qxc6 30. Qb3 Ne7 31. Rb6 Qc7 32. Rc2 Nc6 33. Rb2 Na5 34. Qb4 Nc6 35. Qd2 Rfe8 36. Bh3 Bf8 37. Qc1 Kg7 38. Rc2 Be7 39. Rb1 a5 40. Rb5 Nb4 41. Rd2 Bd8 42. Qc4 Qc6 43. Nc1 Re7 44. Nb3 Ra8 45. Rf2 Bc7 46. f4 Ra7 47. fxe5 fxe5 48. Bc8 Bd8 49. Bh3 Bc7 50. Bg4 Ra8 51. h4 Ra7 52. h5 Qe8 53. Nd2 Nc6 54. Nf3 Nd8 55. Qd5 Qg8 56. h6+ Kh8 57. Ng5 Qxd5 58. exd5 Re8 59. d6 Bb8 60. d7 Rg8 61. Rf7 1-0

[Event "SRB-ch sf"]
[Site "Belgrade"]
[Date "2016.03.25"]
[Round "5"]
[White "Skare, Goran"]
[Black "Zivanovic, Blagoje"]
[Result "1-0"]
[WhiteElo "2275"]
[BlackElo "2040"]
[PlyCount "103"]
[EventDate "2016.03.21"]
[EventType "swiss"]
[EventRounds "9"]
[EventCountry "SRB"]
[SourceTitle "CBM 171 Extra"]
[Source "ChessBase"]
[SourceDate "2016.04.26"]
[SourceVersion "1"]
[SourceVersionDate "2016.04.26"]
[SourceQuality "1"]

1. d4 Nf6 2. Nf3 g6 3. Bg5 Bg7 4. Nbd2 d5 5. e3 0-0 6. Ne5 Nfd7 7. Nef3 h6 8. Bh4 c5 9. c3 f5 10. Bg3 Nc6 11. Qb3 c4 12. Qc2 e5 13. dxe5 Ndxe5 14. Bxe5 Bxe5 15. g3 Bg7 16. Bg2 b5 17. 0-0 Be6 18. Nd4 Bxd4 19. exd4 Qf6 20. f4 Rab8 21. Nf3 g5 22. Ne5 Nxe5 23. dxe5 Qe7 24. Rad1 Rfd8 25. g4 Rf8 26. gxf5 Bxf5 27. Bxd5+ Kh8 28. Be4 gxf4 29. Bxf5 Qg5+ 30. Kh1 Qxf5 31. Qxf5 Rxf5 32. Rd6 Rxe5 33. Rxh6+ Kg7 34. Rh4 Re2 35. Rhxf4 Rb6 36. R1f2 Rbe6 37. Kg2 Kg6 38. Rf6+ Rxf6 39. Rxe2 Rd6 40. Kg3 a6 41. Kf4 Kf6 42. h4 Rd3 43. Rh2 a5 44. Ke4 Kg6 45. Rg2+ Kh6 46. Rh2 Kh5 47. a3 b4 48. axb4 axb4 49. cxb4 Rb3 50. Kd4 Rxb4 51. Kc5 Rxb2 52. Rxb2 1-0

[Event "SRB-ch sf"]
[Site "Belgrade"]
[Date "2016.03.24"]
[Round "4"]
[White "Zivanovic, Blagoje"]
[Black "Azaric, Slavko"]
[Result "1/2-1/2"]
[WhiteElo "2040"]
[BlackElo "2269"]
[PlyCount "120"]
[EventDate "2016.03.21"]
[EventType "swiss"]
[EventRounds "9"]
[EventCountry "SRB"]
[SourceTitle "CBM 171 Extra"]
[Source "ChessBase"]
[SourceDate "2016.04.26"]
[SourceVersion "1"]
[SourceVersionDate "2016.04.26"]
[SourceQuality "1"]

1. e4 c5 2. c4 Nc6 3. g3 g6 4. Bg2 Bg7 5. Ne2 d6 6. 0-0 e6 7. Nbc3 Nge7 8. a3 0-0 9. Rb1 b6 10. d3 Bb7 11. Bf4 Qd7 12. Qd2 Nd4 13. b4 Nec6 14. Be3 Rab8 15. Nf4 h6 16. b5 Na5 17. Nce2 Nab3 18. Qa2 Nxe2+ 19. Qxe2 Nd4 20. Bxd4 Bxd4 21. Qg4 Kh7 22. h4 Be5 23. Bh3 Qe7 24. Rfe1 Bxf4 25. Qxf4 e5 26. Qe3 f5 27. exf5 gxf5 28. f4 Rbe8 29. Re2 Qg7 30. Rbe1 e4 31. Kh2 Qd4 32. dxe4 Qxc4 33. Qd2 Bxe4 34. Qxd6 Rd8 35. Qe7+ Qf7 36. Qe5 Qg7 37. Bg2 Qxe5 38. fxe5 Bd3 39. Re3 Rfe8 40. Bc6 Re6 41. g4 c4 42. gxf5 Bxf5 43. Rf3 Rd2+ 44. Kg3 Bg6 45. Be4 Bxe4 46. Rxe4 Rd5 47. Rxc4 Rdxe5 48. Rf7+ Kg6 49. Rxa7 Rxb5 50. a4 Rb3+ 51. Kg4 h5+ 52. Kf4 Rh3 53. Rcc7 Rxh4+ 54. Kf3 Rf6+ 55. Ke3 Rb4 56. a5 Kg5 57. Rg7+ Kf5 58. a6 Re4+ 59. Kf3 Ra4 60. Ra8 Ra3+ 1/2-1/2

[Event "SRB Central-ch op-B 7th"]
[Site "Paracin"]
[Date "2014.07.07"]
[Round "4"]
[White "Zivanovic, Blagoje"]
[Black "Milosevic, Jovana"]
[Result "1-0"]
[WhiteElo "1931"]
[BlackElo "1990"]
[PlyCount "107"]
[EventDate "2014.07.04"]
[EventType "swiss"]
[EventRounds "9"]
[EventCountry "SRB"]
[SourceTitle "CBM 161 Extra"]
[Source "ChessBase"]
[SourceDate "2014.08.29"]
[SourceVersion "1"]
[SourceVersionDate "2014.08.29"]
[SourceQuality "1"]

1. e4 c5 2. c4 d6 3. Ne2 Nf6 4. Nbc3 Nc6 5. d3 g6 6. g3 Bg4 7. Bg2 Qc8 8. h3 Bd7 9. Nd5 Bg7 10. Nec3 Nxd5 11. Nxd5 0-0 12. Rb1 h6 13. a3 Kh7 14. b4 e6 15. Nf4 Nd4 16. Bb2 Rb8 17. b5 a5 18. Ne2 Nxe2 19. Qxe2 Bxb2 20. Qxb2 e5 21. Qd2 b6 22. Kd1 Qd8 23. Kc2 f5 24. f4 Qf6 25. Rbf1 Qg7 26. Rf2 Be6 27. Qc3 exf4 28. Qxg7+ Kxg7 29. gxf4 fxe4 30. Bxe4 Bf5 31. Bc6 Rf6 32. h4 h5 33. Re1 Re6 34. Rfe2 Rxe2+ 35. Rxe2 Kf6 36. Kd2 Rd8 37. Bd5 Bg4 38. Re4 Bf3 39. Re6+ Kf5 40. Ke3 Bxd5 41. cxd5 Kg4 42. Rxg6+ Kxh4 43. Kf3 Kh3 44. f5 h4 45. f6 Rf8 46. Kf4 Kh2 47. Kf5 h3 48. Rg7 Kh1 49. f7 h2 50. Kf6 a4 51. Ke7 Ra8 52. Kxd6 c4 53. dxc4 Rg8 54. Rh7 1-0

[Event "SRB-ch U18"]
[Site "Subotica"]
[Date "2014.04.20"]
[Round "5"]
[White "Adamov, Ivan"]
[Black "Zivanovic, Blagoje"]
[Result "1/2-1/2"]
[WhiteElo "1924"]
[BlackElo "1912"]
[PlyCount "68"]
[EventDate "2014.04.17"]
[EventType "swiss"]
[EventRounds "9"]
[EventCountry "SRB"]
[SourceTitle "CBM 160 Extra"]
[Source "ChessBase"]
[SourceDate "2014.07.01"]
[SourceVersion "1"]
[SourceVersionDate "2014.07.01"]
[SourceQuality "1"]

1. e4 e5 2. Nf3 Nf6 3. Nxe5 d6 4. Nf3 Nxe4 5. Nc3 Nxc3 6. dxc3 Be7 7. Bf4 Nc6 8. Qd2 Be6 9. 0-0-0 Qd7 10. Kb1 a6 11. Nd4 Nxd4 12. cxd4 d5 13. Bd3 0-0-0 14. f3 Bd6 15. g4 Qa4 16. c3 Bxf4 17. Qxf4 Rd6 18. Qg5 g6 19. Rhe1 Rb6 20. Rd2 Qd7 21. Rde2 Qd8 22. Qd2 Qf6 23. Re3 h5 24. h3 Bd7 25. Qg2 Re6 26. Re5 hxg4 27. hxg4 Qf4 28. Rxe6 Bxe6 29. Rh1 Rxh1+ 30. Qxh1 Kd7 31. Qd1 Qe3 32. Bf1 f5 33. gxf5 Bxf5+ 34. Ka1 Qg1 1/2-1/2

[Event "SRB-ch U18"]
[Site "Subotica"]
[Date "2014.04.19"]
[Round "4"]
[White "Zivanovic, Blagoje"]
[Black "Stanimirovic, Bosko"]
[Result "1-0"]
[WhiteElo "1912"]
[BlackElo "1880"]
[PlyCount "45"]
[EventDate "2014.04.17"]
[EventType "swiss"]
[EventRounds "9"]
[EventCountry "SRB"]
[SourceTitle "CBM 160 Extra"]
[Source "ChessBase"]
[SourceDate "2014.07.01"]
[SourceVersion "1"]
[SourceVersionDate "2014.07.01"]
[SourceQuality "1"]

1. e4 c5 2. c4 Nc6 3. g3 g6 4. Ne2 Bg7 5. Bg2 d6 6. Nbc3 e5 7. a3 Nge7 8. Rb1 0-0 9. d3 h6 10. 0-0 f5 11. f4 Nd4 12. fxe5 dxe5 13. Nd5 fxe4 14. Nxe7+ Qxe7 15. Nxd4 exd4 16. Bxe4 Bh3 17. Rxf8+ Rxf8 18. Bf4 Be5 19. Qe2 Kg7 20. Bg2 Re8 21. Qxe5+ Qxe5 22. Bxe5+ Rxe5 23. Bxh3 1-0

[Event "SRB-ch U18"]
[Site "Subotica"]
[Date "2014.04.17"]
[Round "1"]
[White "Vucinic, Gojko"]
[Black "Zivanovic, Blagoje"]
[Result "1-0"]
[WhiteElo "2323"]
[BlackElo "1912"]
[PlyCount "99"]
[EventDate "2014.04.17"]
[EventType "swiss"]
[EventRounds "9"]
[EventCountry "SRB"]
[SourceTitle "CBM 160 Extra"]
[Source "ChessBase"]
[SourceDate "2014.07.01"]
[SourceVersion "1"]
[SourceVersionDate "2014.07.01"]
[SourceQuality "1"]

1. e4 e5 2. Bc4 Nf6 3. Qe2 Bc5 4. Nf3 d6 5. c3 Nc6 6. d3 h6 7. Nbd2 Bb6 8. Bb3 Ne7 9. Nc4 Ng6 10. h3 c6 11. Bd2 Qe7 12. 0-0-0 Bc7 13. Kb1 b5 14. Ne3 Nf4 15. Qf1 g6 16. Bc2 a5 17. g3 Ne6 18. d4 b4 19. Qc4 c5 20. dxe5 dxe5 21. Nd5 Ba6 22. Ba4+ Kf8 23. Bb5 Bxb5 24. Qxb5 Qd7 25. Qxd7 Nxd7 26. Bxh6+ Rxh6 27. Nxc7 Rd8 28. Nxe6+ fxe6 29. Nxe5 Ke8 30. Nxd7 Rxd7 31. Rxd7 Kxd7 32. Rd1+ Ke7 33. h4 Kf6 34. f4 Rh7 35. Kc2 a4 36. Rd6 Rb7 37. b3 axb3+ 38. axb3 bxc3 39. Kxc3 Rb4 40. e5+ Kf5 41. Rc6 Re4 42. Kd3 Rb4 43. Kc3 Kg4 44. Rxe6 Kxg3 45. Rxg6+ Kxf4 46. e6 Re4 47. h5 Ke5 48. e7 Kd5 49. Rg7 Kd6 50. h6 1-0

[Event "Paracin-ch"]
[Site "Paracin"]
[Date "2014.01.12"]
[Round "4"]
[White "Brankovic, Dejan"]
[Black "Zivanovic, Blagoje"]
[Result "1-0"]
[WhiteElo "2363"]
[BlackElo "1905"]
[PlyCount "97"]
[EventDate "2014.01.10"]
[EventType "swiss"]
[EventRounds "9"]
[EventCountry "SRB"]
[SourceTitle "CBM 158 Extra"]
[Source "ChessBase"]
[SourceDate "2014.02.28"]
[SourceVersion "1"]
[SourceVersionDate "2014.02.28"]
[SourceQuality "1"]

1. e4 e5 2. Bc4 Nf6 3. d3 Bc5 4. Nf3 d6 5. 0-0 0-0 6. c3 h6 7. Nbd2 c6 8. b4 Bb6 9. Bb3 Be6 10. Nc4 Bc7 11. a4 Nbd7 12. Re1 Re8 13. a5 Nf8 14. a6 b6 15. Bc2 Ng6 16. b5 c5 17. Ne3 d5 18. c4 d4 19. Nd5 Nd7 20. Nd2 Nf4 21. g3 Nh3+ 22. Kg2 Bd6 23. Nf3 g5 24. Ng1 Nxg1 25. Rxg1 Bxd5 26. cxd5 f6 27. Qh5 Kg7 28. Bd1 Qe7 29. Bg4 Nf8 30. f4 Ng6 31. fxg5 hxg5 32. Be6 Rh8 33. Qg4 Raf8 34. Ra2 Qe8 35. Bd7 Qe7 36. Rf2 Bc7 37. Be6 Qe8 38. Rgf1 Qe7 39. Bxg5 Bd8 40. Bxf6+ Rxf6 41. Rxf6 Qxf6 42. Rxf6 Bxf6 43. Bf5 Rh6 44. Bxg6 Rxg6 45. Qd7+ Kh6 46. Qxa7 c4 47. dxc4 Bg7 48. Kf3 Kh5 49. Qf7 1-0

[Event "Pozarevac City-chB"]
[Site "Pozarevac"]
[Date "2013.12.28"]
[Round "3"]
[White "Zivanovic, Blagoje"]
[Black "Djokic, Nebojsa"]
[Result "1/2-1/2"]
[WhiteElo "1861"]
[BlackElo "2200"]
[PlyCount "82"]
[EventDate "2013.12.27"]
[EventType "swiss"]
[EventRounds "5"]
[EventCountry "SRB"]
[SourceTitle "CBM 158 Extra"]
[Source "ChessBase"]
[SourceDate "2014.02.28"]
[SourceVersion "1"]
[SourceVersionDate "2014.02.28"]
[SourceQuality "1"]

1. e4 c5 2. c4 Nc6 3. g3 e5 4. Bg2 d6 5. Ne2 h5 6. h3 Be6 7. d3 Qd7 8. Nbc3 Be7 9. Rb1 Nf6 10. a3 h4 11. g4 Nh7 12. f4 exf4 13. Nxf4 g6 14. Ncd5 0-0-0 15. b4 Rhg8 16. Qa4 Kb8 17. bxc5 dxc5 18. Nxe7 Nxe7 19. Qxd7 Rxd7 20. Nd5 Nc6 21. g5 Kc8 22. Be3 Nd4 23. Kd2 Re8 24. Rhf1 Rh8 25. Rf2 Rd6 26. Ne7+ Kc7 27. Bf4 b6 28. Nd5+ Kd7 29. Be5 Rd8 30. Bxd4 cxd4 31. e5 Rc6 32. Nf6+ Nxf6 33. Bxc6+ Kxc6 34. Rxf6 Rh8 35. Rg1 Rh5 36. Ke2 b5 37. cxb5+ Kxb5 38. Kf3 Kc5 39. Kf4 Rh8 40. Ke4 Bd5+ 41. Kf4 Be6 1/2-1/2

[Event "SRB Central-ch op-B 6th"]
[Site "Paracin"]
[Date "2013.07.08"]
[Round "4"]
[White "Stojanovic, Vladimir M"]
[Black "Zivanovic, Blagoje"]
[Result "0-1"]
[WhiteElo "1959"]
[BlackElo "1817"]
[PlyCount "78"]
[EventDate "2013.07.05"]
[EventType "swiss"]
[EventRounds "9"]
[EventCountry "SRB"]
[SourceTitle "CBM 155 Extra"]
[Source "ChessBase"]
[SourceDate "2013.08.26"]
[SourceVersion "1"]
[SourceVersionDate "2013.08.26"]
[SourceQuality "1"]

1. d4 Nf6 2. Nf3 g6 3. c4 Bg7 4. Nc3 0-0 5. e4 d6 6. Be2 e5 7. 0-0 Nc6 8. d5 Ne7 9. Ne1 Nd7 10. Nd3 f5 11. f3 f4 12. Bd2 g5 13. Rc1 Nf6 14. g4 h5 15. h3 hxg4 16. hxg4 Ng6 17. Be1 Kf7 18. Kg2 Rh8 19. c5 Nh4+ 20. Bxh4 Rxh4 21. cxd6 cxd6 22. Qb3 a6 23. a4 Rb8 24. Nf2 Bd7 25. Qb4 Bf8 26. Rc2 Be7 27. Rfc1 Qh8 28. Bc4 Rh2+ 29. Kf1 Qh4 30. Ncd1 Rh8 31. Qxb7 Qg3 32. Qb3 Rh1+ 33. Ke2 R8h2 34. Qb6 Nxg4 35. fxg4 Bxg4+ 36. Kd2 Bxd1 37. Rxd1 Rxf2+ 38. Be2 Rxd1+ 39. Kxd1 Qg1+ 0-1

[Event "SRB Central-ch op-B 6th"]
[Site "Paracin"]
[Date "2013.07.06"]
[Round "3"]
[White "Zivanovic, Blagoje"]
[Black "Milosavljevic, Milica"]
[Result "1-0"]
[WhiteElo "1817"]
[BlackElo "1926"]
[PlyCount "113"]
[EventDate "2013.07.05"]
[EventType "swiss"]
[EventRounds "9"]
[EventCountry "SRB"]
[SourceTitle "CBM 155 Extra"]
[Source "ChessBase"]
[SourceDate "2013.08.26"]
[SourceVersion "1"]
[SourceVersionDate "2013.08.26"]
[SourceQuality "1"]

1. e4 c5 2. c4 Nc6 3. g3 g6 4. Bg2 Bg7 5. Ne2 d6 6. Nbc3 e6 7. 0-0 Nge7 8. d3 0-0 9. Rb1 Rb8 10. a3 a6 11. b4 Nd4 12. Nxd4 cxd4 13. Ne2 b5 14. cxb5 axb5 15. Bb2 Qb6 16. f4 f5 17. Nc1 fxe4 18. dxe4 Bd7 19. Nb3 e5 20. Qd3 Be6 21. Nd2 Rbc8 22. fxe5 dxe5 23. Rbc1 Bh6 24. Rxf8+ Rxf8 25. Rc5 Bxd2 26. Qxd2 Bc4 27. Rxe5 d3+ 28. Rc5 Rc8 29. Qc3 Kf8 30. Qg7+ Ke8 31. Bf3 Rxc5 32. Bd4 d2 33. Bxc5 Qd8 34. Qxe7+ Qxe7 35. Bxe7 Kxe7 36. Bd1 Bd3 37. Kf2 Bxe4 38. Ke3 Bc6 39. Kxd2 Kd6 40. Kd3 Ke5 41. Ke3 h6 42. Bc2 g5 43. Bd1 Be8 44. Bf3 h5 45. h4 gxh4 46. gxh4 Kf5 47. Be2 Ke5 48. Bd3 Kd6 49. Kd4 Bd7 50. Bg6 Bg4 51. Ke3 Kd5 52. Bf7+ Be6 53. Bxe6+ Kxe6 54. Ke4 Kd6 55. Kd4 Ke6 56. Kc5 Kf5 57. Kxb5 1-0

[Event "SRB-CupT Central"]
[Site "Serbia"]
[Date "2013.04.28"]
[Round "8.6"]
[White "Zivanovic, Blagoje"]
[Black "Brajovic, Miroljub"]
[Result "1/2-1/2"]
[WhiteElo "1779"]
[BlackElo "2161"]
[PlyCount "20"]
[EventDate "2013.03.24"]
[EventType "team-tourn"]
[EventRounds "8"]
[EventCountry "SRB"]
[SourceTitle "EXT 2018"]
[Source "ChessBase"]
[SourceDate "2017.10.13"]
[SourceVersion "1"]
[SourceVersionDate "2017.10.13"]
[SourceQuality "1"]

1. e4 d5 2. exd5 Qxd5 3. Nc3 Qa5 4. d4 Nf6 5. Nf3 c6 6. Be2 e6 7. 0-0 Be7 8. h3 0-0 9. a3 Qc7 10. Be3 Re8 1/2-1/2